000 00298nam a22001217a 4500
040 _cSY
082 _a338 DAV 2000 C092
100 _aDivid Pearce Edward Barbier
245 _ablueprint for a sustainable Economy
260 _aUK
_bDivid Pearce Edward Barbier
_c2000
300 _a273p
942 _cEK
999 _c11183
_d11183